[Event "Petrozavodsk Karelian Autumn"]
[Site "Petrozavodsk"]
[Date "2013.10.13"]
[Round "2"]
[White "Yaakkimainen, Vyaino R"]
[Black "Kolegov, Andrey"]
[Result "0-1"]
[WhiteElo "2155"]
[BlackElo "1981"]
[PlyCount "122"]
[EventDate "2013.10.12"]
[EventType "swiss"]
[EventRounds "9"]
[EventCountry "RUS"]
[SourceTitle "EXT 2014"]
[Source "ChessBase"]
[SourceDate "2013.11.20"]
[SourceVersion "1"]
[SourceVersionDate "2013.11.20"]
[SourceQuality "1"]

1. e4 e5 2. Nf3 Nc6 3. Bb5 a6 4. Ba4 Nf6 5. 0-0 b5 6. Bb3 Bb7 7. c3 d6 8. Ng5 d5 9. exd5 Na5 10. d4 Nxb3 11. Qxb3 Bxd5 12. Qd1 exd4 13. Qxd4 h6 14. Re1+ Be7 15. Nf3 Bxf3 16. Qxd8+ Rxd8 17. gxf3 Kd7 18. Nd2 Rhe8 19. Ne4 Kc8 20. Be3 Nd5 21. Bc5 Bh4 22. Rad1 Nf4 23. Rxd8+ Rxd8 24. Be3 Nd3 25. Re2 Rd5 26. Rd2 Be7 27. Kf1 c6 28. Bd4 Ne5 29. Bxe5 Rxe5 30. Nd6+ Bxd6 31. Rxd6 Kc7 32. Rd2 a5 33. Kg2 Rg5+ 34. Kf1 c5 35. b3 Re5 36. Rc2 Re6 37. c4 b4 38. Rd2 Rd6 39. Re2 Rd3 40. Re7+ Rd7 41. Re8 Rd1+ 42. Re1 Rxe1+ 43. Kxe1 Kd6 44. f4 Ke6 45. Ke2 Kf5 46. Kf3 g6 47. h3 f6 48. Ke3 h5 49. Kf3 g5 50. fxg5 fxg5 51. Kg3 Ke4 52. f3+ Ke3 53. h4 gxh4+ 54. Kxh4 Kxf3 55. Kxh5 Ke4 56. Kg5 Kd4 57. Kf5 Kc3 58. Ke5 Kb2 59. Kd5 Kxa2 60. Kxc5 Kxb3 61. Kb5 Kc3 0-1

[Event "Karelian Autumn"]
[Site "Petrozavodsk"]
[Date "2012.10.16"]
[Round "5"]
[White "Yaakkimainen, Vyaino R"]
[Black "Ivanov, Sergey A"]
[Result "1-0"]
[WhiteElo "2178"]
[BlackElo "2359"]
[PlyCount "135"]
[EventDate "2012.10.14"]
[EventType "swiss"]
[EventRounds "9"]
[EventCountry "RUS"]
[SourceTitle "EXT 2013"]
[Source "ChessBase"]
[SourceDate "2012.11.22"]
[SourceVersion "1"]
[SourceVersionDate "2012.11.22"]
[SourceQuality "1"]

1. e4 c5 2. Nf3 Nc6 3. Nc3 e5 4. Bc4 Be7 5. d3 Nf6 6. 0-0 0-0 7. Nd5 d6 8. Nxf6+ Bxf6 9. c3 Be6 10. Bxe6 fxe6 11. Be3 b6 12. d4 exd4 13. cxd4 e5 14. d5 Nb8 15. Nd2 Bg5 16. Qg4 Bxe3 17. fxe3 Re8 18. Nf3 Nd7 19. Ng5 Nf6 20. Qh4 Qe7 21. Rf3 Rab8 22. Rh3 h6 23. Ne6 Nh7 24. Qg4 Kh8 25. Rf1 Nf8 26. Ng5 Rb7 27. Rf7 Qxf7 28. Nxf7+ Rxf7 29. Rf3 Rfe7 30. Qf5 b5 31. Qxf8+ Rxf8 32. Rxf8+ Kh7 33. Rd8 Kg6 34. Rxd6+ Kf7 35. Rc6 c4 36. Kf2 Rb7 37. Ke2 a5 38. Kd2 Ke8 39. Ra6 b4 40. Rxa5 Rc7 41. Kc2 c3 42. b3 Rb7 43. a3 bxa3 44. Rxa3 Rb6 45. Kxc3 Rf6 46. Ra2 Rf1 47. Re2 Kd7 48. Kb4 Kc7 49. Kb5 h5 50. b4 g5 51. Rc2+ Kd7 52. Kb6 Re1 53. b5 Rxe3 54. Kc5 Rxe4 55. b6 Re1 56. Rc4 e4 57. b7 Kc7 58. Rb4 Kb8 59. Kd6 e3 60. Ke6 e2 61. Re4 Kxb7 62. d6 Kc6 63. Rc4+ Kb6 64. Rc2 g4 65. d7 Rd1 66. Rxe2 Kc7 67. Rc2+ Kb8 68. Rc8+ 1-0

[Event "Karelia-ch 65th"]
[Site "Kondopoga"]
[Date "2012.02.25"]
[Round "6"]
[White "Yaakkimainen, Vyaino R"]
[Black "Osmolny, Vladimir I"]
[Result "1-0"]
[WhiteElo "2169"]
[BlackElo "2195"]
[PlyCount "63"]
[EventDate "2012.02.21"]
[EventType "swiss"]
[EventRounds "9"]
[EventCountry "RUS"]
[SourceTitle "EXT 2013"]
[Source "ChessBase"]
[SourceDate "2012.11.22"]
[SourceVersion "1"]
[SourceVersionDate "2012.11.22"]
[SourceQuality "1"]

1. e4 d6 2. d4 g6 3. Nc3 Bg7 4. f4 c6 5. Nf3 b5 6. Bd3 Bg4 7. Be3 b4 8. Na4 Qa5 9. b3 Nd7 10. h3 Bxf3 11. Qxf3 Ngf6 12. 0-0 Qc7 13. c4 0-0 14. Rae1 Rad8 15. Bb1 e5 16. dxe5 dxe5 17. f5 Nh5 18. Nb2 Bf6 19. g3 Ng7 20. g4 Bh4 21. Rd1 f6 22. Rd3 a5 23. Rfd1 Rfe8 24. R1d2 Nb6 25. c5 Nc8 26. Nc4 Rxd3 27. Rxd3 Rd8 28. Qd1 Rxd3 29. Qxd3 gxf5 30. gxf5 Nh5 31. Bh6 Be1 32. Qd1 1-0

[Event "Karelia-ch Seniors"]
[Site "Petrozavodsk"]
[Date "2011.11.21"]
[Round "3"]
[White "Yaakkimainen, Vyaino R"]
[Black "Loboda, Alexey M"]
[Result "1-0"]
[WhiteElo "2177"]
[BlackElo "1883"]
[PlyCount "67"]
[EventDate "2011.11.19"]
[EventType "swiss"]
[EventRounds "7"]
[EventCountry "RUS"]
[SourceTitle "EXT 2022"]
[Source "ChessBase"]
[SourceDate "2021.10.06"]
[SourceVersion "1"]
[SourceVersionDate "2021.10.06"]
[SourceQuality "1"]

1. b3 Nc6 2. Bb2 e5 3. e3 Nf6 4. Bb5 d6 5. Ne2 Bd7 6. 0-0 a6 7. Bxc6 Bxc6 8. d4 Qe7 9. c4 0-0-0 10. d5 Bd7 11. Nbc3 g5 12. b4 Bg7 13. a4 Bf5 14. a5 Nd7 15. Na4 h5 16. c5 h4 17. Rc1 Nf6 18. c6 g4 19. Qb3 bxc6 20. Rxc6 Bd7 21. b5 Nxd5 22. Qxd5 Be6 23. Nb6+ Kb8 24. Rxc7 Bxd5 25. Rxe7 Bb7 26. Rc1 Ka7 27. Rcc7 Rb8 28. Rxf7 Bh6 29. Nc4 g3 30. hxg3 hxg3 31. Nxg3 Bf8 32. Nxe5 dxe5 33. Bxe5 Rg8 34. Bd4+ 1-0

[Event "Karelian Autumn"]
[Site "Petrozavodsk"]
[Date "2011.10.13"]
[Round "7"]
[White "Yaakkimainen, Vyaino R"]
[Black "Klestov, Sergey A"]
[Result "1/2-1/2"]
[WhiteElo "2212"]
[BlackElo "1720"]
[PlyCount "42"]
[EventDate "2011.10.08"]
[EventType "swiss"]
[EventRounds "9"]
[EventCountry "RUS"]
[SourceTitle "EXT 2012"]
[Source "ChessBase"]
[SourceDate "2011.11.24"]
[SourceVersion "1"]
[SourceVersionDate "2011.11.24"]
[SourceQuality "1"]

1. Nf3 Nf6 2. c4 e6 3. Nc3 d5 4. d4 Be7 5. Bf4 c6 6. e3 Nbd7 7. h3 b6 8. Bd3 Bb7 9. 0-0 0-0 10. Qe2 a6 11. Rad1 Nh5 12. Ne5 Nxf4 13. exf4 f5 14. cxd5 Nxe5 15. Qxe5 exd5 16. Bxf5 Bd6 17. Qe6+ Kh8 18. Bb1 Rxf4 19. Ne2 Rf6 20. Qe3 Bc8 21. Ng3 Ra7 1/2-1/2

[Event "Karelian Autumn"]
[Site "Petrozavodsk"]
[Date "2011.10.10"]
[Round "4"]
[White "Radkov, Bazhen D"]
[Black "Yaakkimainen, Vyaino R"]
[Result "0-1"]
[WhiteElo "1759"]
[BlackElo "2212"]
[PlyCount "60"]
[EventDate "2011.10.08"]
[EventType "swiss"]
[EventRounds "9"]
[EventCountry "RUS"]
[SourceTitle "EXT 2012"]
[Source "ChessBase"]
[SourceDate "2011.11.24"]
[SourceVersion "1"]
[SourceVersionDate "2011.11.24"]
[SourceQuality "1"]

1. d4 Nf6 2. Nf3 e6 3. e3 b6 4. Bd3 Bb7 5. 0-0 c5 6. b3 Be7 7. Bb2 0-0 8. Nbd2 Nc6 9. Re1 d5 10. Ne5 Rc8 11. a3 Bd6 12. f4 Ne7 13. Qe2 Bb8 14. Qf2 Nf5 15. g4 Nd6 16. Qh4 Nfe4 17. Qxd8 Rfxd8 18. Nxe4 dxe4 19. Bc4 b5 20. dxc5 Rxc5 21. Bd4 Rcc8 22. Bf1 f6 23. Bh3 fxe5 24. Bxe5 Rxc2 25. g5 Bd5 26. Rab1 Nf7 27. Bxb8 Rxb8 28. Bf1 Nd6 29. Re2 Rbc8 30. Rxc2 Rxc2 0-1

[Event "Karelian op 10th"]
[Site "Petrozavodsk"]
[Date "2010.10.14"]
[Round "7"]
[White "Dmitriev, Andrey V"]
[Black "Yaakkimainen, Vyaino R"]
[Result "1/2-1/2"]
[WhiteElo "1958"]
[BlackElo "2252"]
[PlyCount "75"]
[EventDate "2010.10.01"]
[EventType "swiss"]
[EventRounds "9"]
[EventCountry "RUS"]
[SourceTitle "EXT 2022"]
[Source "ChessBase"]
[SourceDate "2021.10.06"]
[SourceVersion "1"]
[SourceVersionDate "2021.10.06"]
[SourceQuality "1"]

1. e4 c5 2. Nf3 e6 3. d4 cxd4 4. Nxd4 Qb6 5. Nc3 Bc5 6. Na4 Qa5+ 7. c3 Bxd4 8. Qxd4 Nf6 9. Nc5 Nc6 10. Qe3 d5 11. Nb3 Qc7 12. exd5 Nxd5 13. Qg3 Qe5+ 14. Qxe5 Nxe5 15. a3 Ke7 16. h3 h6 17. f4 Ng6 18. g3 e5 19. c4 Nf6 20. Bd2 exf4 21. gxf4 Re8 22. 0-0-0 Kf8 23. Bd3 Nh4 24. Bb4+ Kg8 25. Nd4 b6 26. Nb5 Bb7 27. Rhe1 Bf3 28. Nc7 Rxe1 29. Rxe1 Rc8 30. Nb5 a6 31. Nd6 Rc6 32. Ne8 Nh5 33. Nd6 g6 34. Re8+ Kg7 35. Bc3+ f6 36. Re7+ Kg8 37. Re8+ Kg7 38. Re7+ 1/2-1/2